<?xml version="1.0" encoding="UTF-8"?>
<record
    xmlns:xsi="http://www.w3.org/2001/XMLSchema-instance"
    xsi:schemaLocation="http://www.loc.gov/MARC21/slim http://www.loc.gov/standards/marcxml/schema/MARC21slim.xsd"
    xmlns="http://www.loc.gov/MARC21/slim">

  <leader>00457nam a2200145Ia 4500</leader>
  <controlfield tag="008">211109s9999||||xx |||||||||||||| ||und||</controlfield>
  <datafield tag="082" ind1=" " ind2=" ">
    <subfield code="a">580</subfield>
    <subfield code="b">ATK-F</subfield>
  </datafield>
  <datafield tag="100" ind1=" " ind2=" ">
    <subfield code="a">Atkinson, E T</subfield>
  </datafield>
  <datafield tag="245" ind1=" " ind2="0">
    <subfield code="a">Flora of the Himalayas:With Special Reference to Kumaon, Garhwal and Part of Tibet</subfield>
  </datafield>
  <datafield tag="260" ind1=" " ind2=" ">
    <subfield code="b">Cosmos Bookhive</subfield>
    <subfield code="a">New Delhi</subfield>
    <subfield code="c">1980</subfield>
  </datafield>
  <datafield tag="300" ind1=" " ind2=" ">
    <subfield code="a">670p.</subfield>
  </datafield>
  <datafield tag="630" ind1=" " ind2=" ">
    <subfield code="x">General stack</subfield>
  </datafield>
  <datafield tag="650" ind1=" " ind2=" ">
    <subfield code="a">Plants (Botany) </subfield>
    <subfield code="v">Natural sciences &amp; mathematicsBotany</subfield>
  </datafield>
  <datafield tag="942" ind1=" " ind2=" ">
    <subfield code="c">BOOK</subfield>
  </datafield>
  <datafield tag="952" ind1=" " ind2=" ">
    <subfield code="0">0</subfield>
    <subfield code="1">0</subfield>
    <subfield code="2">ddc</subfield>
    <subfield code="4">0</subfield>
    <subfield code="7">0</subfield>
    <subfield code="a">SBCL</subfield>
    <subfield code="b">SBCL</subfield>
    <subfield code="c">2</subfield>
    <subfield code="d">2021-11-09</subfield>
    <subfield code="g">150.00</subfield>
    <subfield code="o">580 ATK-F</subfield>
    <subfield code="p">00090378</subfield>
    <subfield code="r">2021-11-09 00:00:00</subfield>
    <subfield code="w">2021-11-09</subfield>
    <subfield code="y">BOOK</subfield>
  </datafield>
  <datafield tag="999" ind1=" " ind2=" ">
    <subfield code="c">48278</subfield>
    <subfield code="d">48278</subfield>
  </datafield>
</record>
